<?xml version="1.0" encoding="UTF-8"?>
<record
    xmlns:xsi="http://www.w3.org/2001/XMLSchema-instance"
    xsi:schemaLocation="http://www.loc.gov/MARC21/slim http://www.loc.gov/standards/marcxml/schema/MARC21slim.xsd"
    xmlns="http://www.loc.gov/MARC21/slim">

  <leader>02025nam a22003854i 4500</leader>
  <controlfield tag="003">PE-LiUPU</controlfield>
  <controlfield tag="005">20260325163552.0</controlfield>
  <controlfield tag="008">060301s2006    pe a     b    000 0 spa d</controlfield>
  <datafield tag="035" ind1=" " ind2=" ">
    <subfield code="a">PE-LiUPU000013</subfield>
  </datafield>
  <datafield tag="040" ind1=" " ind2=" ">
    <subfield code="a">PE-LiUPU</subfield>
    <subfield code="b">spa</subfield>
    <subfield code="c">PE-LiUPU</subfield>
    <subfield code="e">rda</subfield>
  </datafield>
  <datafield tag="041" ind1="0" ind2=" ">
    <subfield code="a">spa</subfield>
  </datafield>
  <datafield tag="082" ind1="0" ind2="4">
    <subfield code="a">333.823</subfield>
    <subfield code="b">P471p</subfield>
    <subfield code="2">TP</subfield>
  </datafield>
  <datafield tag="110" ind1="2" ind2=" ">
    <subfield code="a">Per&#xFA;.</subfield>
    <subfield code="b">Defensor&#xED;a del Pueblo,</subfield>
    <subfield code="e">autor corporativo.</subfield>
  </datafield>
  <datafield tag="245" ind1="1" ind2="3">
    <subfield code="a">El Proyecto Camisea y sus efectos en los derechos de las personas /</subfield>
    <subfield code="c">[Defensor&#xED;a del Pueblo, Adjunt&#xED;a para los Servicios P&#xFA;blicos y el Medio Ambiente].</subfield>
  </datafield>
  <datafield tag="246" ind1="3" ind2=" ">
    <subfield code="a">Proyecto Camisea y sus efectos en los derechos de las personas</subfield>
  </datafield>
  <datafield tag="264" ind1=" " ind2="1">
    <subfield code="a">Lima :</subfield>
    <subfield code="b">Defensor&#xED;a del Pueblo,</subfield>
    <subfield code="c">marzo de 2006.</subfield>
  </datafield>
  <datafield tag="300" ind1=" " ind2=" ">
    <subfield code="a">101 p&#xE1;ginas ;</subfield>
    <subfield code="c">28 cm</subfield>
  </datafield>
  <datafield tag="336" ind1=" " ind2=" ">
    <subfield code="a">text</subfield>
    <subfield code="2">rdacontent</subfield>
  </datafield>
  <datafield tag="337" ind1=" " ind2=" ">
    <subfield code="a">unmediated</subfield>
    <subfield code="2">rdamedia</subfield>
  </datafield>
  <datafield tag="338" ind1=" " ind2=" ">
    <subfield code="a">volume</subfield>
    <subfield code="2">rdacarrier</subfield>
  </datafield>
  <datafield tag="490" ind1="0" ind2=" ">
    <subfield code="a">Serie Informes Defensoriales ;</subfield>
    <subfield code="v">103</subfield>
  </datafield>
  <datafield tag="500" ind1=" " ind2=" ">
    <subfield code="a">Primera edici&#xF3;n: marzo de 2006.</subfield>
  </datafield>
  <datafield tag="500" ind1=" " ind2=" ">
    <subfield code="a">Hecho el dep&#xF3;sito legal en la Biblioteca Nacional del Per&#xFA; N&#xB0; 2006-2113.</subfield>
  </datafield>
  <datafield tag="500" ind1=" " ind2=" ">
    <subfield code="a">El informe fue elaborado por la Adjunt&#xED;a para los Servicios P&#xFA;blicos y el Medio Ambiente.</subfield>
  </datafield>
  <datafield tag="504" ind1=" " ind2=" ">
    <subfield code="a">Incluye referencias bibliogr&#xE1;ficas.</subfield>
  </datafield>
  <datafield tag="505" ind1="0" ind2=" ">
    <subfield code="a">El proyecto del gas de Camisea -- Objetivos del informe defensorial -- Competencia de la Defensor&#xED;a del Pueblo -- Derechos fundamentales y desarrollo sostenible -- Principales actuaciones defensoriales -- Derecho a la vida y la salud de los pueblos ind&#xED;genas en aislamiento y contacto inicial -- Da&#xF1;os al medio ambiente -- Participaci&#xF3;n ciudadana y acceso a la informaci&#xF3;n.</subfield>
  </datafield>
  <datafield tag="546" ind1=" " ind2=" ">
    <subfield code="a">Texto en espa&#xF1;ol.</subfield>
  </datafield>
  <datafield tag="650" ind1="1" ind2="8">
    <subfield code="a">Proyecto Camisea</subfield>
    <subfield code="x">Aspectos sociales</subfield>
    <subfield code="9">8212</subfield>
  </datafield>
  <datafield tag="650" ind1="2" ind2="8">
    <subfield code="a">Proyectos de desarrollo</subfield>
    <subfield code="z">Per&#xFA;</subfield>
    <subfield code="z">Camisea (Cus.)</subfield>
    <subfield code="9">8213</subfield>
  </datafield>
  <datafield tag="650" ind1="2" ind2="0">
    <subfield code="a">Derechos humanos</subfield>
    <subfield code="z">Per&#xFA;.</subfield>
    <subfield code="9">3988</subfield>
  </datafield>
  <datafield tag="650" ind1="2" ind2="8">
    <subfield code="a">Gas natural</subfield>
    <subfield code="x">Aspectos ambientales</subfield>
    <subfield code="z">Per&#xFA;</subfield>
    <subfield code="9">8214</subfield>
  </datafield>
  <datafield tag="650" ind1="2" ind2="8">
    <subfield code="a">Ind&#xED;genas del Per&#xFA;</subfield>
    <subfield code="x">Derechos civiles</subfield>
    <subfield code="9">8215</subfield>
  </datafield>
  <datafield tag="942" ind1=" " ind2=" ">
    <subfield code="2">ddc</subfield>
    <subfield code="c">REF</subfield>
  </datafield>
  <datafield tag="980" ind1=" " ind2=" ">
    <subfield code="6">18228</subfield>
    <subfield code="a">Rebeca Esther Huerta Leyton</subfield>
    <subfield code="8">18226</subfield>
    <subfield code="g">Jaime Vilcaz&#xE1;n Jefe de An&#xE1;lisis Documental</subfield>
  </datafield>
  <datafield tag="999" ind1=" " ind2=" ">
    <subfield code="c">63337</subfield>
    <subfield code="d">63336</subfield>
  </datafield>
  <datafield tag="952" ind1=" " ind2=" ">
    <subfield code="r">2026-03-31 16:36:37</subfield>
    <subfield code="l">0</subfield>
    <subfield code="o">333.823 P471p</subfield>
    <subfield code="p">83142</subfield>
    <subfield code="t">e1</subfield>
    <subfield code="v">12.00</subfield>
    <subfield code="w">2026-03-24</subfield>
    <subfield code="x">FACIHED</subfield>
    <subfield code="y">REF</subfield>
    <subfield code="1">0</subfield>
    <subfield code="2">ddc</subfield>
    <subfield code="5">0</subfield>
    <subfield code="7">0</subfield>
    <subfield code="8">GEN</subfield>
    <subfield code="f">P143</subfield>
    <subfield code="a">BUL</subfield>
    <subfield code="b">BUL</subfield>
    <subfield code="c">GEN</subfield>
    <subfield code="d">2026-02-12</subfield>
    <subfield code="e">Donaci&#xF3;n, Jhon Eden Rosario Campos</subfield>
  </datafield>
</record>
